Probability theory: Independence, in terchangeability, martingales. (Record no. 149497)

MARC details
000 -LEADER
fixed length control field 00414nam a2200157Ia 4500
008 - FIXED-LENGTH DATA ELEMENTS--GENERAL INFORMATION
fixed length control field 230917s9999||||xx |||||||||||||| ||und||
040 ## - CATALOGING SOURCE
-- 129232
Original cataloging agency VIVEKANANDA LIBRARY
041 ## - Language
-- English
082 ## - DDC NUMBER
Classification number 519.2 C459P
100 ## - MAIN ENTRY--PERSONAL NAME
Personal name Chow, Yuan Shih
245 #0 - TITLE STATEMENT
Title Probability theory: Independence, in terchangeability, martingales.
250 ## - EDITION STATEMENT
Edition statement 3rd ed.
260 ## - PUBLICATION, DISTRIBUTION, ETC. (IMPRINT)
Place of publication, distribution, etc New York
Name of publisher, distributor, etc Springer
Date of publication, distribution, etc 1997
300 ## - PHYSICAL DESCRIPTION
Pages 488 p.
942 ## - ADDED ENTRY ELEMENTS (KOHA)
Koha item type Books
Holdings
Withdrawn status Lost status Damaged status Not for loan Location (home branch) Sublocation or collection (holding branch) Date acquired Koha issues (times borrowed) Koha full call number Accession No. Koha date last seen Koha item type
        VIVEKANANDA LIBRARY VIVEKANANDA LIBRARY 30/01/2010   519.2 C459P 270660 17/09/2023 Books
        VIVEKANANDA LIBRARY VIVEKANANDA LIBRARY 30/01/2010   519.2 C459P 270661 17/09/2023 Books
        VIVEKANANDA LIBRARY VIVEKANANDA LIBRARY 30/01/2010   519.2 C459P 295439 17/09/2023 Books
        VIVEKANANDA LIBRARY VIVEKANANDA LIBRARY 30/01/2010   519.2 C459P 295440 17/09/2023 Books
        VIVEKANANDA LIBRARY VIVEKANANDA LIBRARY 30/01/2010 1 519.2 C459P 295441 28/10/2025 Books
        VIVEKANANDA LIBRARY VIVEKANANDA LIBRARY 30/01/2010   519.2 C459P 295442 17/09/2023 Books
© Designed and Maintained by Vivekananda Library, MDU Rohtak